| 000 | 00794nam a22002177a 4500 | ||
|---|---|---|---|
| 005 | 20150605120316.0 | ||
| 008 | 140714b xxu||||| |||| 00| 0 Urdu d | ||
| 010 | _aUR-9006 | ||
| 020 | _c100.00. | ||
| 035 | _aU-7561 | ||
| 037 | _bBPPD/Pub/Ven | ||
| 040 |
_aDPL _bUrdu |
||
| 082 | _a840 | ||
| 100 | _aفا ر و قی،عبد القا د ر غيا ث ا لد ين | ||
| 245 |
_aمينا ر ا د ب _cفا ر و قی،عبد القا د ر غيا ث ا لد ين |
||
| 246 | h |
_aMinar-e- Adab _bby Dr. Abdulqadir GHayasuddin Farooqui |
|
| 260 |
_b. Abdulqadir GHayasuddin Farooqui _c2011 _aBenglore |
||
| 270 |
_aBook Wear No.85,1st floorNear J.C.Nagar,Police Station, _bBenglore _k080-41491249 _e6 |
||
| 300 |
_a112-ص _c22Cm (Hb) |
||
| 942 |
_2ddc _cUR _e _h840 _mف ا ر |
||
| 999 |
_c94103 _d94103 |
||